<?xml version="1.0" encoding="UTF-8"?>
<record
    xmlns:xsi="http://www.w3.org/2001/XMLSchema-instance"
    xsi:schemaLocation="http://www.loc.gov/MARC21/slim http://www.loc.gov/standards/marcxml/schema/MARC21slim.xsd"
    xmlns="http://www.loc.gov/MARC21/slim">

  <leader>01954nam a2200337uu 4500</leader>
  <controlfield tag="001">1510585</controlfield>
  <controlfield tag="005">20240601090429.0</controlfield>
  <controlfield tag="007">cr|||||||</controlfield>
  <controlfield tag="008">181030s2018                        spa  </controlfield>
  <datafield tag="035" ind1=" " ind2=" ">
    <subfield code="a">1510585</subfield>
  </datafield>
  <datafield tag="040" ind1=" " ind2=" ">
    <subfield code="c">comduadb</subfield>
  </datafield>
  <datafield tag="041" ind1=" " ind2=" ">
    <subfield code="a">spa</subfield>
  </datafield>
  <datafield tag="080" ind1=" " ind2=" ">
    <subfield code="a">D</subfield>
  </datafield>
  <datafield tag="100" ind1="1" ind2="0">
    <subfield code="a">Holgu&#xED;n Miranda, Mary Luz</subfield>
    <subfield code="4">aut</subfield>
    <subfield code="e">aut</subfield>
    <subfield code="9">778098</subfield>
  </datafield>
  <datafield tag="245" ind1="1" ind2="0">
    <subfield code="a">Memory : an&#xE1;lisis de la memoria de trabajo desde una propuesta de formaci&#xF3;n basada en la Modificabilidad Estructural Cognitiva</subfield>
  </datafield>
  <datafield tag="260" ind1=" " ind2=" ">
    <subfield code="a">Medell&#xED;n,</subfield>
    <subfield code="c">2018.</subfield>
  </datafield>
  <datafield tag="300" ind1=" " ind2=" ">
    <subfield code="a">103 p.</subfield>
  </datafield>
  <datafield tag="520" ind1="3" ind2=" ">
    <subfield code="a">El art&#xED;culo presenta el an&#xE1;lisis de la Memoria de Trabajo(MT) a partir de la implementaci&#xF3;n de una Propuesta de Formaci&#xF3;n dise&#xF1;ada con base en la Teor&#xED;a de la Modificabilidad Estructural Cognitiva (MEC) para estudiantes de 11 a 13 a&#xF1;os categorizados con dificultades de aprendizaje, habitantes del municipio de El Pe&#xF1;ol, centrando el an&#xE1;lisis en cuatro operaciones mentales relacionadas con la MT: comparaci&#xF3;n, clasificaci&#xF3;n, relaciones virtuales y pensamiento divergente. La investigaci&#xF3;n se realiz&#xF3; partiendo de que el aprendizaje es "un proceso de cambio relativamente permanente en el comportamiento de una persona generado por la experiencia" (Feldman, 2005 "... implica adquisici&#xF3;n y modificaci&#xF3;n de conocimientos, estrategias, habilidades, creencias y actitudes" (Shunk 1991, citado en Escobar, 2011. p 61).</subfield>
  </datafield>
  <datafield tag="650" ind1=" " ind2="7">
    <subfield code="a">Trastornos del aprendizaje</subfield>
    <subfield code="2">lemb</subfield>
    <subfield code="9">67860</subfield>
  </datafield>
  <datafield tag="650" ind1=" " ind2=" ">
    <subfield code="a">Funciones cognitivas</subfield>
    <subfield code="9">113472</subfield>
  </datafield>
  <datafield tag="650" ind1=" " ind2="7">
    <subfield code="a">Desarrollo cognitivo</subfield>
    <subfield code="2">embne</subfield>
    <subfield code="9">1813</subfield>
  </datafield>
  <datafield tag="650" ind1=" " ind2=" ">
    <subfield code="a">Memoria de trabajo</subfield>
    <subfield code="9">131910</subfield>
  </datafield>
  <datafield tag="650" ind1=" " ind2=" ">
    <subfield code="a">Mediaci&#xF3;n de los aprendizajes</subfield>
    <subfield code="9">183055</subfield>
  </datafield>
  <datafield tag="700" ind1="1" ind2="0">
    <subfield code="a">Uribe Herrera, Julieth Dayana</subfield>
    <subfield code="4">aut</subfield>
    <subfield code="e">aut</subfield>
    <subfield code="9">782697</subfield>
  </datafield>
  <datafield tag="700" ind1="1" ind2="0">
    <subfield code="a">Maya Pati&#xF1;o, Alejandro</subfield>
    <subfield code="4">ths</subfield>
    <subfield code="e">ths</subfield>
    <subfield code="9">536409</subfield>
  </datafield>
  <datafield tag="700" ind1="1" ind2="0">
    <subfield code="a">Lopera Murcia, Angela Mar&#xED;a</subfield>
    <subfield code="4">ths</subfield>
    <subfield code="e">ths</subfield>
    <subfield code="9">421529</subfield>
  </datafield>
  <datafield tag="856" ind1="4" ind2=" ">
    <subfield code="u">http://ayura.udea.edu.co:8080/jspui/handle/123456789/3417</subfield>
  </datafield>
  <datafield tag="942" ind1=" " ind2=" ">
    <subfield code="c">TESIS</subfield>
    <subfield code="n">0</subfield>
  </datafield>
  <datafield tag="999" ind1=" " ind2=" ">
    <subfield code="c">790771</subfield>
    <subfield code="d">790771</subfield>
  </datafield>
  <datafield tag="502" ind1=" " ind2=" ">
    <subfield code="b">145</subfield>
    <subfield code="c">15</subfield>
  </datafield>
  <datafield tag="526" ind1=" " ind2=" ">
    <subfield code="a">147</subfield>
  </datafield>
</record>
